Title in the Lyrics Quiz: The Beatles - Statistics

General Stats
  • This quiz has been taken 850 times
  • The average score is 13 of 18
Answer Stats
Answer % Correct
{Hey}, {Jude}, don't make it bad, Take a sad song and make it better.
98%
When I find myself in times of trouble, Mother Mary comes to me, Speaking words of wisdom {Let} {it} {Be}
98%
We all live in a {Yellow} {Submarine}
95%
It's been {A} {Hard} {Day's} {Night}, and I've been working like a dog
92%
{Yesterday} all my troubles seemed so far away, Now it looks as though they're here to stay.
92%
{Blackbird} singing in the dead of night, Take these broken wings and learn to fly
87%
{Eleanor} {Rigby} picks up the rice in the church where a wedding has been, Lives in a dream
85%
One thing I can tell you is you got to be free, {Come} {Together}, right now, Over me
77%
Lend me your ears and I'll sing you a song, And I'll try not to sing out of key, Oh I get by {With} {a} {Little} {Help} {From} {My} {Friends}
75%
Nothing is real and nothing to get hung about, {Strawberry} {Fields} {Forever}
72%
{Penny} {Lane} is in my ears and in my eyes, There beneath the blue suburban skies, I sit, and meanwhile back
71%
Look for the girl with the sun in her eyes, And she's gone, {Lucy} {in} {the} {Sky} {With} {Diamonds}
61%
{I} {Am} {the} {Walrus}, Goo goo g' joob
60%
I look at you all, see the love there that's sleeping, {While} {My} {Guitar} {Gently} {Weeps}
55%
Images of broken light which dance before me like a million eyes, They call me on and on {Across} {the} {Universe}
46%
{Dear} {Prudence}, won't you come out to play?
43%
{Here} {Comes} {the} {Sun}, And I say it's all right
41%
I can see them laugh at me, And I hear them say, Hey {You've} {Got} {to} {Hide} {Your} {Love} {Away}
33%
No matching quizzes found
Score Distribution
Percent of People with Each Score
Percentile by Number Answered
Your Score History
You have not taken this quiz